Regioni D'Italia - Statistics

Statistiche generali
  • Questo quiz è stato fatto 73 volte
  • Il punteggio medio è 18 su 20
Statistiche sulle risposte
Risposta % Corretto
Piemonte
98%
Lombardia
96%
Emilia romagna
95%
Campania
95%
Trentino alto adige
95%
Calabria
93%
Liguria
93%
Sardegna
93%
Sicilia
93%
Lazio
91%
Puglia
91%
Veneto
91%
Friuli venezia giulia
89%
Molise
89%
Valle d'aosta
89%
Marche
88%
Toscana
88%
Abruzzo
86%
Umbria
86%
Basilicata
84%
Nessun quiz corrispondente trovato
Distribuzione punteggi
Percentuale di utenti per punteggio
Percentile per numero di risposta
I tuoi punteggi nel tempo
Non hai fatto questo quiz